Top 15 landen met Covid-19 sterfgevallen - 29 juni - Statistieken

Algemene statistieken
  • Deze quiz is 3 keer genomen
  • De gemiddelde score is 12 van 20
Antwoordstatistieken
land % Correct
België
100%
Canada
100%
Frankrijk
100%
Nederland
100%
Verenigde Staten
100%
Brazilië
67%
Duitsland
67%
Italië
67%
Rusland
67%
Spanje
67%
Verenigd Koninkrijk
67%
Zweden
67%
Zwitserland
67%
Chili
33%
Ecuador
33%
Ierland
33%
India
33%
Mexico
33%
Peru
33%
Iran
0%
Geen overeenkomende quizzen gevonden
Scoreverdeling
Procent van Mensen met Elke Score
Percentiel versus Aantal Correcte Antwoorden
Uw Scoregeschiedenis
U heeft deze quiz nog niet genomen